000 00695nam a2200217Ii 4500
003 JO-AjNU
008 230605s9999||||xx |||||||||||||| ||und||
017 _a1991/8/395
040 _aJO-AjNU
_bara
_erda
_cJO-AjNU
041 _aara
050 1 4 _aJF1358.A9592.1995
100 3 _aالعوالمة ، نائل عبد الحافظ,
_eauthor
_920352
245 0 0 _aتطوير المنظمات الهياكل والاساليب
250 _a(د،ط)
264 3 1 _aعمان : مؤسسة زهران ، 1991
300 _a137ص
336 _atext
_btxt
_2rdacontent
337 _aunmediated
_bn
_2rdamedia
338 _avolume
_bnc
_2rdacarrier
650 4 _aالمنظمات -- تطوير
_920353
999 _aA6884
_c10452
_d10452